| 000 | 00420nam a2200145Ia 4500 | ||
|---|---|---|---|
| 008 | 151213s9999 xx 000 0 und d | ||
| 100 | _aKazi Ali Toufiwqul & Cate Turton | ||
| 245 |
_aHands Notes Land : How Livelihoods _cKazi Ali Toufiwqul & Cate Turton |
||
| 260 | _c2002 | ||
| 300 | _a1592 p. | ||
| 650 | _aEconomics | ||
| 650 | _aEconomics Reference | ||
| 700 | _aKazi Ali Toufiwqul & Cate Turton | ||
| 999 |
_c1214 _d1214 |
||